| 000 | 00887nam a22002537a 4500 | ||
|---|---|---|---|
| 999 |
_c18339 _d18339 |
||
| 003 | AR-CdUCM | ||
| 008 | 190513b ||||| |||| 00| 0 spa d | ||
| 040 |
_aMUNICIPALIDAD PROVINCIAL DEL CUSCO _cBIBLIOTECA MUNICIPAL DEL CUSCO |
||
| 041 | _heng | ||
| 082 |
_22ed. _a720.3 / _bW26 |
||
| 100 |
_aWare, Dora _938856 |
||
| 245 |
_aDiccionario manual ilustrado de Arquitectura : _bcon los términos más comunes empleados en la construcción / |
||
| 260 |
_aBarcelona : _bGustavo Gili, _c1950. |
||
| 300 |
_aXV, 203 páginas ; _bilustraciones, _c19 cm. |
||
| 505 | _aContenido: Ábaco -- Zoophorus. | ||
| 650 |
_aDiccionario _95196 |
||
| 650 |
_aArquitectura _93356 |
||
| 650 |
_aTérminos _938857 |
||
| 700 |
_aBeatty, Betty (coautor) _938858 |
||
| 700 |
_aGili, Joaquín _938859 |
||
| 700 |
_aCompany, Manuel (traductores) _938860 |
||
| 942 |
_2ddc _cLIBROS |
||
| 945 |
_aachl _d20219-05-13 |
||